Fray Andrés, otra vez

Sábháilte in:
Sonraí bibleagrafaíochta
Príomhchruthaitheoir: Carvajal, Víctor (Údar)
Formáid: LEABHAR
Teanga:Spáinnis
Foilsithe / Cruthaithe: Santiago Ediciones SM Chile 2008
Eagrán:4a. ed
Sraith:El Barco de Vapor. Colección Volantín, 4
Ábhair:
Clibeanna: Cuir clib leis
Níl clibeanna ann, Bí ar an gcéad duine le clib a chur leis an taifead seo!

MARC

LEADER 00000cam a2200000 a 4500
001 UCF7462
003 CL-VaPUC
008 130627e20080000CL |||||||||||||||||spa|d
020 |a 956264264X 
082 0 4 |a Ch863  |b CAR  |2 21 
100 |a Carvajal, Víctor  |e author  |9 569502 
245 1 0 |a Fray Andrés, otra vez 
250 |a 4a. ed 
300 |a 78 p 
942 |c BK 
945 |d 20130627 00:00:00  |a cmena 
260 |a Santiago  |b Ediciones SM Chile  |c 2008 
650 0 |a Novelas chilenas   |9 265425 
650 7 |a NOVELAS INFANTILES  |2 CL-VaPUC  |9 545146 
650 0 |a Pobreza  |9 258652 
650 0 |a Literatura chilena   |9 308278 
583 |a last modification  |c 20130627 13:18:00  |k Rodrigo Vera 
490 0 |a El Barco de Vapor. Colección Volantín, 4 
999 |c 352291  |d 352289